000 00713nam a22002177a 4500
999 _c57552
_d57552
005 20221107154333.0
008 200728s2019 enk||||| |||| 00| 0 eng d
020 _a 9788131808146x
041 _aeng
080 _a6201.+539.4 B-22
100 _aBansal, R.K.
_99067
245 _aA Textbook of Strength of Materials /
_cR.K. Bansal.
_bMechanics of Solids
250 _asixth edition
264 _aNew Delhi, India :
_bVikram Jain Books,
_c2019.
300 _a1144 p.
_b25 cm.
_cill.
653 _aმექანიკა
653 _aინჟინერია
653 _aმასალათა გამძლეობა
653 _aმყარი მექანიკა
942 _2udc
_cBK